000 00607nam a2200229Ia 4500
003 OSt
005 20220924150538.0
006 a|||||r|||| 00| 0
007 ta
008 220923b |||||||| |||| 00| 0 tel d
024 _a333613
037 _cTextual
040 _aARTS
_cARTS
_btel
041 _2tel
_atel
082 _aO35,2M651,1:g, L4
100 _aRao Sirdesai Thirumala
_9222375
245 0 _aKanyasulka nataka kala
260 _c1974
650 _aTELUGU DRAMA
_9173432
942 _hO35,2M651,1:g, L4
_cTEXL
_2CC
999 _c463724
_d463724